| 000 | 01242nam a22003377a 4500 | ||
|---|---|---|---|
| 003 | CHAP | ||
| 005 | 20220329135611.0 | ||
| 008 | 971013s1995 r 00010 d | ||
| 010 | _a39150 | ||
| 011 | _a40122 | ||
| 035 | _a44247 | ||
| 040 | _cCHAP | ||
| 090 | _aTesis | ||
| 100 | 0 | 0 |
_aBaños Delgado, Abel Emigdio. _99992 |
| 245 | _aAnálisis del financiamiento del Banco de Crédito Rural del Pacífico-Sur, S.N.C. en la región Costa Chica del estado de Guerrero durante los años 1988 a 1993 | ||
| 260 |
_aChapingo, Méx. : _bEl autor, _c1995 |
||
| 300 | _a87 h. | ||
| 502 | _aTesis (Ing. Agr. Esp. en Fitotecnia) __ UACH. Departamento de Fitotecnia | ||
| 590 |
_aALEPH _b10 _c20130110 _lUCH01 _h1306 |
||
| 590 |
_aBATCH-UPD _b10 _c20130110 _lUCH01 _h2233 |
||
| 590 |
_aBATCH-UPD _b10 _c20130410 _lUCH01 _h1529 |
||
| 590 |
_aBATCH-UPD _b10 _c20130914 _lUCH01 _h0531 |
||
| 590 |
_aCONVERSION _b10 _c20130109 _lUCH01 _h1322 |
||
| 650 | 1 | 4 |
_aAgricultura _xAspectos economicos _xGuerrero. _91252 |
| 650 | 1 | 4 |
_aBancos agrícolas _xGuerrero. _99900 |
| 650 | 1 | 4 |
_aCrédito agrícola _xGuerrero. _929057 |
| 901 | _aBK | ||
| 942 | _cFOLL | ||
| 949 |
_bBC _cTES _d-101377 _eTS1 _h27698 _i44247 _si |
||
| 949 |
_bBC _cTES _d-101378 _eTS2 _fc.2 _h27699 _i44247 _si |
||
| 999 |
_c39150 _d39150 |
||